00427 2200169 4500001002100000008004100021035002000062245003700082100001900119260002800138300002400166020002200190084001400212082000800226650000800234990001500242INLIS000000000003293 ind  a0010-1225000114 aAntariksapediacDavid A. Aguilar aAguilar, David aJakartabGramediac2022 a208 hlmc21 x 26 cm a978-602-481-848-7 a520 DAV a a520 aIPA a19768/B/26